000
00300nam a22001217a 4500
003
SGT
082
_a
302.23
_b
F94H
100
_a
HICKS, ROGER
245
_a
FOOD SHOTS A GUIDE TO PROFESSIONAL LIGHTING TECHNIQUES
260
_a
SWITZERLAND
_b
ROTO VISION PUB
_c
1994
300
_a
159
942
_2
ddc
_c
BK
999
_c
17057
_d
17057